by land and by sea : /

محفوظ في:

المؤلف الرئيسي: avanzini, alessandra

التنسيق: كتاب

اللغة: Undetermined

منشور في: roma : "l'erma" di bretschneider, 2016.

سلاسل: arabica antica; 10

الموضوعات:

الوسوم: إضافة وسم

لا توجد وسوم, كن أول من يضع وسما على هذه التسجيلة!

رقم الطلب: DS247 .A145 A93

LEADER 00781nam a2200193Ia 4500
008 220401s9999||||xx |||||||||||||| ||und||
020 |a 9788891311108 
050 4 |a DS247 .A145 A93 
100 1 |a avanzini, alessandra 
245 1 0 |a by land and by sea :  |b  /  |c alessandra avanzini. 
264 1 |a roma :  |b "l'erma" di bretschneider,  |c 2016. 
300 |a 375p., 3 unnumbered folded pages of plates :  |b illus. ;  |c 21cm. 
490 0 |a arabica antica; 10 
500 |a includes biBLiographical references and index. 
650 1 4 |a excavations (archaeology) arabia, southern. 
650 1 4 |a inscriptions arabia, southern. 
942 |2 lcc  |c BK 
952 |0 0  |1 0  |2 lcc  |4 0  |6 DS0247 A145 A93  |7 1  |9 39485  |a ARCE  |b ARCE  |d 2022-04-01  |l 0  |o DS247 .A145 A93  |p 1016751  |r 2022-04-01 00:00:00  |w 2022-04-01  |y BK 
999 |c 47066  |d 47066